[Event "8th Vellmar Chess Days"]
[Site "chess24.com"]
[Date "2016.07.29"]
[Round "2"]
[White "Rafiee, Makan"]
[Black "Eggenstein, Frank"]
[Result "1/2-1/2"]
[Board "2"]
[WhiteElo "2318"]
[WhiteTitle "FM"]
[WhiteCountry "GER"]
[WhiteFideId "24609340"]
[WhiteEloChange "-7"]
[BlackElo "2032"]
[BlackCountry "GER"]
[BlackFideId "4651278"]
[BlackEloChange "7"]

1. e4 {[%clk 1:30:58]} e6 {[%clk 1:30:46]} 2. d4 {[%clk 1:31:19]} d5 {[%clk
1:30:58]} 3. Nc3 {[%clk 1:31:41]} Nf6 {[%clk 1:21:53]} 4. e5 {[%clk 1:30:12]}
Nfd7 {[%clk 1:22:06]} 5. f4 {[%clk 1:30:25]} c5 {[%clk 1:22:20]} 6. Nce2 {[%clk
1:30:46]} Nc6 {[%clk 1:22:26]} 7. c3 {[%clk 1:31:07]} cxd4 {[%clk 1:22:16]} 8.
cxd4 {[%clk 1:30:42]} Qb6 {[%clk 1:22:15]} 9. Nf3 {[%clk 1:30:39]} Be7 {[%clk
1:21:09]} 10. Nc3 {[%clk 1:21:13]} O-O {[%clk 1:16:56]} 11. a3 {[%clk 1:11:32]}
a6 {[%clk 1:07:30]} 12. Be3 {[%clk 1:01:48]} f6 {[%clk 1:02:02]} 13. Qd2 {[%clk
1:11:45]} Na5 {[%clk 0:59:02]} 14. Rd1 {[%clk 1:11:36]} Qc7 {[%clk 0:56:21]} 15.
Bd3 {[%clk 1:10:00]} Nc4 {[%clk 0:54:54]} 16. Bxc4 {[%clk 1:08:28]} Qxc4 {[%clk
0:55:01]} 17. Rc1 {[%clk 0:52:44]} Qb3 {[%clk 0:44:33]} 18. Qc2 {[%clk 0:37:32]}
Qxc2 {[%clk 0:40:51]} 19. Rxc2 {[%clk 0:51:23]} Nb6 {[%clk 0:41:02]} 20. Nd2
{[%clk 0:51:22]} Bd7 {[%clk 0:40:26]} 21. O-O {[%clk 0:49:35]} Rac8 {[%clk
0:38:44]} 22. Rfc1 {[%clk 0:48:21]} Rc6 {[%clk 0:33:02]} 23. Ncb1 {[%clk
0:43:54]} Rfc8 {[%clk 0:32:34]} 1/2-1/2

[Event "8th Vellmar Chess Days"]
[Site "chess24.com"]
[Date "2016.07.29"]
[Round "2"]
[White "Doerge, Sven"]
[Black "Meyner, Hannes"]
[Result "0-1"]
[Board "3"]
[WhiteElo "2039"]
[WhiteCountry "GER"]
[WhiteFideId "24657638"]
[WhiteEloChange "-6"]
[BlackElo "2204"]
[BlackCountry "GER"]
[BlackFideId "4664205"]
[BlackEloChange "6"]

1. e4 {[%clk 1:30:53]} c5 {[%clk 1:24:10]} 2. Nf3 {[%clk 1:30:41]} e6 {[%clk
1:24:35]} 3. d3 {[%clk 1:28:18]} d5 {[%clk 1:20:00]} 4. Be2 {[%clk 1:28:10]} Nf6
{[%clk 1:17:28]} 5. e5 {[%clk 1:24:31]} Nfd7 {[%clk 1:17:48]} 6. c3 {[%clk
1:24:48]} Nc6 {[%clk 1:16:00]} 7. Qa4 {[%clk 1:24:17]} a6 {[%clk 1:05:45]} 8. Qf4
{[%clk 1:23:00]} f6 {[%clk 0:52:51]} 9. exf6 {[%clk 1:13:15]} Nxf6 {[%clk
0:46:38]} 10. Qg5 {[%clk 1:11:09]} Be7 {[%clk 0:35:35]} 11. Qxg7 {[%clk 1:05:43]}
Rg8 {[%clk 0:35:07]} 12. Qh6 {[%clk 1:01:41]} Rg6 {[%clk 0:34:58]} 13. Qh4 {[%clk
0:59:08]} e5 {[%clk 0:23:22]} 14. Bg5 {[%clk 0:54:56]} Bf5 {[%clk 0:19:15]} 15.
Bxf6 {[%clk 0:52:42]} Rxf6 {[%clk 0:12:46]} 16. Nbd2 {[%clk 0:47:12]} e4 {[%clk
0:08:03]} 17. dxe4 {[%clk 0:42:49]} dxe4 {[%clk 0:08:29]} 18. Ng5 {[%clk
0:37:20]} Rg6 {[%clk 0:07:34]} 19. Ndxe4 {[%clk 0:32:13]} Bxg5 {[%clk 0:06:34]}
20. Nxg5 {[%clk 0:29:58]} Qxg5 {[%clk 0:06:33]} 21. Qxg5 {[%clk 0:28:14]} Rxg5
{[%clk 0:06:57]} 22. O-O-O {[%clk 0:28:26]} Rxg2 {[%clk 0:05:14]} 23. Rd2 {[%clk
0:24:54]} Rd8 {[%clk 0:04:37]} 24. Bh5+ {[%clk 0:24:22]} Bg6 {[%clk 0:04:54]} 25.
Re2+ {[%clk 0:24:20]} Kf8 {[%clk 0:05:02]} 26. Bf3 {[%clk 0:24:33]} Rg5 {[%clk
0:05:11]} 27. h4 {[%clk 0:23:19]} Re5 {[%clk 0:04:40]} 28. Rxe5 {[%clk 0:23:25]}
Nxe5 {[%clk 0:05:06]} 29. Bxb7 {[%clk 0:23:54]} 0-1

[Event "8th Vellmar Chess Days"]
[Site "chess24.com"]
[Date "2016.07.29"]
[Round "2"]
[White "Pallas, Sebastian"]
[Black "Werner, Martin"]
[Result "0-1"]
[Board "4"]
[WhiteElo "2204"]
[WhiteCountry "GER"]
[WhiteFideId "12905453"]
[WhiteEloChange "-15"]
[BlackElo "2023"]
[BlackCountry "GER"]
[BlackFideId "4607970"]
[BlackEloChange "15"]

1. e4 {[%clk 1:30:54]} c6 {[%clk 1:30:54]} 2. d4 {[%clk 1:30:58]} d5 {[%clk
1:31:19]} 3. Nc3 {[%clk 1:31:20]} dxe4 {[%clk 1:31:43]} 4. Nxe4 {[%clk 1:31:41]}
Nd7 {[%clk 1:32:06]} 5. Ng5 {[%clk 1:30:12]} Ngf6 {[%clk 1:32:08]} 6. Bc4 {[%clk
1:29:15]} e6 {[%clk 1:30:48]} 7. N1f3 {[%clk 1:17:02]} h6 {[%clk 1:21:58]} 8. Nh3
{[%clk 1:11:06]} g5 {[%clk 1:18:07]} 9. Ne5 {[%clk 1:02:00]} Nxe5 {[%clk
1:16:02]} 10. dxe5 {[%clk 1:02:26]} Qa5+ {[%clk 1:15:27]} 11. Kf1 {[%clk
1:02:25]} Qxe5 {[%clk 1:14:30]} 12. f4 {[%clk 1:01:44]} Qc5 {[%clk 1:09:04]} 13.
Qe2 {[%clk 1:00:23]} g4 {[%clk 1:02:41]} 14. Nf2 {[%clk 1:00:24]} Bd7 {[%clk
0:55:26]} 15. Be3 {[%clk 0:58:43]} Qh5 {[%clk 0:50:41]} 16. Bd4 {[%clk 0:55:29]}
Qf5 {[%clk 0:41:24]} 17. Be5 {[%clk 0:51:55]} Bg7 {[%clk 0:34:01]} 18. Bd3 {[%clk
0:42:26]} Qh5 {[%clk 0:34:16]} 19. Bxf6 {[%clk 0:42:01]} Bxf6 {[%clk 0:34:42]}
20. Nxg4 {[%clk 0:42:15]} Qh4 {[%clk 0:26:41]} 21. Qf3 {[%clk 0:25:45]} O-O-O
{[%clk 0:20:26]} 22. g3 {[%clk 0:20:37]} Qh3+ {[%clk 0:20:16]} 23. Ke2 {[%clk
0:20:38]} Bd4 {[%clk 0:18:47]} 24. c3 {[%clk 0:20:28]} e5 {[%clk 0:16:15]} 25.
Nf6 {[%clk 0:16:11]} e4 {[%clk 0:15:24]} 0-1

[Event "8th Vellmar Chess Days"]
[Site "chess24.com"]
[Date "2016.07.29"]
[Round "2"]
[White "Luebeck, Stephan, Dr."]
[Black "Humburg, Philipp"]
[Result "1/2-1/2"]
[Board "5"]
[WhiteElo "2009"]
[WhiteCountry "GER"]
[WhiteFideId "12945269"]
[WhiteEloChange "5"]
[BlackElo "2201"]
[BlackCountry "GER"]
[BlackFideId "24656151"]
[BlackEloChange "-5"]

1. d4 {[%clk 1:30:57]} d5 {[%clk 1:28:00]} 2. Nf3 {[%clk 1:31:21]} Nf6 {[%clk
1:28:25]} 3. e3 {[%clk 1:31:47]} g6 {[%clk 1:28:46]} 4. Nbd2 {[%clk 1:32:12]} c5
{[%clk 1:29:00]} 5. c3 {[%clk 1:32:13]} Bg7 {[%clk 1:28:57]} 6. b4 {[%clk
1:30:43]} cxb4 {[%clk 1:26:00]} 7. cxb4 {[%clk 1:31:03]} O-O {[%clk 1:26:19]} 8.
Bd3 {[%clk 1:28:51]} Nc6 {[%clk 1:21:00]} 9. a3 {[%clk 1:27:03]} Bf5 {[%clk
1:20:10]} 10. Bxf5 {[%clk 1:21:41]} gxf5 {[%clk 1:20:15]} 11. Bb2 {[%clk
1:21:47]} Ne4 {[%clk 1:20:04]} 12. Rc1 {[%clk 1:18:56]} e6 {[%clk 1:19:51]} 13.
O-O {[%clk 1:09:20]} Kh8 {[%clk 1:19:01]} 14. Ne5 {[%clk 1:08:30]} Nxe5 {[%clk
1:16:23]} 15. dxe5 {[%clk 1:08:51]} Rg8 {[%clk 1:10:29]} 16. f4 {[%clk 1:02:04]}
Qe7 {[%clk 0:49:41]} 17. Nxe4 {[%clk 0:53:28]} fxe4 {[%clk 0:47:54]} 18. Rf2
{[%clk 0:47:35]} Rac8 {[%clk 0:46:29]} 19. Bd4 {[%clk 0:42:18]} b6 {[%clk
0:45:20]} 20. Rfc2 {[%clk 0:42:31]} Qd7 {[%clk 0:44:35]} 21. Qh5 {[%clk 0:39:11]}
1/2-1/2

[Event "8th Vellmar Chess Days"]
[Site "chess24.com"]
[Date "2016.07.29"]
[Round "2"]
[White "Ding, Linlin"]
[Black "Maar, Samuel"]
[Result "1-0"]
[Board "6"]
[WhiteElo "2199"]
[WhiteCountry "CHN"]
[WhiteFideId "8601267"]
[WhiteEloChange "5"]
[BlackElo "1998"]
[BlackCountry "GER"]
[BlackFideId "12952591"]
[BlackEloChange "-5"]

1. e4 {[%clk 1:27:00]} d6 {[%clk 1:30:47]} 2. d4 {[%clk 1:25:57]} Nf6 {[%clk
1:30:46]} 3. Nc3 {[%clk 1:26:14]} e5 {[%clk 1:30:49]} 4. Nf3 {[%clk 1:25:09]}
Nbd7 {[%clk 1:29:32]} 5. Bc4 {[%clk 1:23:21]} Be7 {[%clk 1:29:23]} 6. O-O {[%clk
1:19:12]} Nb6 {[%clk 1:27:19]} 7. Bb3 {[%clk 1:19:20]} exd4 {[%clk 1:27:34]} 8.
Qxd4 {[%clk 1:13:32]} O-O {[%clk 1:21:01]} 9. h3 {[%clk 1:10:43]} Bd7 {[%clk
0:59:52]} 10. e5 {[%clk 0:59:11]} dxe5 {[%clk 0:40:49]} 11. Nxe5 {[%clk 0:59:20]}
Bd6 {[%clk 0:39:22]} 12. Bg5 {[%clk 0:58:32]} h6 {[%clk 0:37:11]} 13. Bh4 {[%clk
0:55:59]} Be6 {[%clk 0:26:56]} 14. Bxe6 {[%clk 0:53:38]} fxe6 {[%clk 0:27:21]}
15. Rad1 {[%clk 0:53:59]} Be7 {[%clk 0:23:42]} 16. Qf4 {[%clk 0:43:21]} Nfd5
{[%clk 0:20:45]} 17. Qg4 {[%clk 0:42:32]} Bxh4 {[%clk 0:16:35]} 18. Qxe6+ {[%clk
0:42:55]} Kh7 {[%clk 0:16:49]} 19. Nxd5 {[%clk 0:41:06]} Nxd5 {[%clk 0:14:11]}
20. Rxd5 {[%clk 0:40:58]} Qf6 {[%clk 0:13:46]} 21. Qxf6 {[%clk 0:32:54]} Bxf6
{[%clk 0:14:03]} 22. Nd7 {[%clk 0:33:14]} Rf7 {[%clk 0:13:53]} 23. Nxf6+ {[%clk
0:33:39]} Rxf6 {[%clk 0:14:19]} 24. Rd7 {[%clk 0:33:57]} Rc6 {[%clk 0:14:44]} 25.
c3 {[%clk 0:33:02]} Re8 {[%clk 0:15:00]} 26. Rfd1 {[%clk 0:33:31]} Re2 {[%clk
0:14:38]} 27. R1d2 {[%clk 0:33:49]} Re1+ {[%clk 0:13:46]} 28. Kh2 {[%clk
0:34:13]} h5 {[%clk 0:13:47]} 29. Rf7 {[%clk 0:32:15]} Rb1 {[%clk 0:10:47]} 30.
a4 {[%clk 0:31:21]} h4 {[%clk 0:09:32]} 31. Rdd7 {[%clk 0:27:10]} Rg6 {[%clk
0:08:19]} 32. b4 {[%clk 0:26:04]} Kg8 {[%clk 0:06:03]} 33. Rxc7 {[%clk 0:26:12]}
Rc1 {[%clk 0:03:27]} 34. Rxb7 {[%clk 0:25:23]} Rxc3 {[%clk 0:03:11]} 35. Rxa7
{[%clk 0:25:33]} Rb3 {[%clk 0:02:51]} 36. b5 {[%clk 0:25:08]} Rg5 {[%clk
0:02:40]} 37. Rf4 {[%clk 0:25:02]} Rh5 {[%clk 0:01:59]} 38. Rg4 {[%clk 0:25:06]}
Rf5 {[%clk 0:01:15]} 39. Rgxg7+ {[%clk 0:25:24]} Kf8 {[%clk 0:01:39]} 40. Rgb7
{[%clk 0:25:14]} Re5 {[%clk 0:01:23]} 41. a5 {[%clk 0:25:02]} Rb2 {[%clk
0:00:53]} 42. a6 {[%clk 0:25:17]} Re1 {[%clk 0:27:50]} 43. Ra8+ {[%clk 0:56:40]}
Re8 {[%clk 0:28:14]} 44. Rxe8+ {[%clk 0:57:07]} Kxe8 {[%clk 0:28:39]} 45. a7
{[%clk 0:57:35]} 1-0

[Event "8th Vellmar Chess Days"]
[Site "chess24.com"]
[Date "2016.07.29"]
[Round "2"]
[White "Braun, Ingram"]
[Black "Boos, Markus"]
[Result "1-0"]
[Board "7"]
[WhiteElo "1987"]
[WhiteCountry "GER"]
[WhiteFideId "24657816"]
[WhiteEloChange "15"]
[BlackElo "2176"]
[BlackCountry "GER"]
[BlackFideId "4678656"]
[BlackEloChange "-15"]

1. e4 {[%clk 1:30:57]} c5 {[%clk 1:30:57]} 2. c3 {[%clk 1:31:21]} Nf6 {[%clk
1:31:13]} 3. e5 {[%clk 1:31:44]} Nd5 {[%clk 1:31:42]} 4. g3 {[%clk 1:32:05]} Nc6
{[%clk 1:30:02]} 5. Bg2 {[%clk 1:31:53]} Nb6 {[%clk 1:30:12]} 6. Nf3 {[%clk
1:20:12]} d6 {[%clk 1:24:27]} 7. exd6 {[%clk 1:19:02]} Qxd6 {[%clk 1:24:19]} 8.
d4 {[%clk 1:18:11]} cxd4 {[%clk 1:20:23]} 9. cxd4 {[%clk 1:18:35]} g6 {[%clk
1:16:49]} 10. O-O {[%clk 1:14:21]} Bg7 {[%clk 1:16:09]} 11. Be3 {[%clk 1:05:01]}
O-O {[%clk 1:15:04]} 12. Nc3 {[%clk 1:03:25]} Rd8 {[%clk 1:10:30]} 13. Qe2 {[%clk
0:44:30]} Bf5 {[%clk 1:04:11]} 14. Rfd1 {[%clk 0:44:31]} Rac8 {[%clk 0:53:19]}
15. d5 {[%clk 0:28:46]} Nb4 {[%clk 0:49:21]} 16. Nh4 {[%clk 0:28:49]} Bd7 {[%clk
0:44:48]} 17. a3 {[%clk 0:26:17]} Na6 {[%clk 0:44:36]} 18. Ne4 {[%clk 0:16:31]}
Qe5 {[%clk 0:44:21]} 19. Bd4 {[%clk 0:16:42]} Qxd4 {[%clk 0:42:02]} 20. Rxd4
{[%clk 0:17:09]} Bxd4 {[%clk 0:42:25]} 21. Rd1 {[%clk 0:15:25]} Bg7 {[%clk
0:41:41]} 22. b4 {[%clk 0:12:24]} Ba4 {[%clk 0:41:17]} 23. Re1 {[%clk 0:11:00]}
Nxd5 {[%clk 0:38:08]} 24. Ng5 {[%clk 0:10:19]} Nac7 {[%clk 0:33:10]} 25. h3
{[%clk 0:08:11]} Bc6 {[%clk 0:28:42]} 26. Qa2 {[%clk 0:06:45]} e6 {[%clk
0:27:21]} 27. Qb3 {[%clk 0:06:00]} Nb5 {[%clk 0:21:35]} 28. Nhf3 {[%clk 0:05:29]}
Nbc3 {[%clk 0:17:57]} 29. Qc4 {[%clk 0:02:46]} h6 {[%clk 0:15:35]} 30. Nxf7
{[%clk 0:02:29]} Kxf7 {[%clk 0:10:58]} 31. Qg4 {[%clk 0:02:43]} Re8 {[%clk
0:09:21]} 32. Ne5+ {[%clk 0:02:26]} Bxe5 {[%clk 0:09:43]} 33. Rxe5 {[%clk
0:02:54]} Nf6 {[%clk 0:09:18]} 34. Qh4 {[%clk 0:02:45]} Bxg2 {[%clk 0:07:54]} 35.
Kxg2 {[%clk 0:03:12]} Kg7 {[%clk 0:06:27]} 36. Qd4 {[%clk 0:02:41]} a6 {[%clk
0:06:11]} 37. Qb6 {[%clk 0:02:30]} Re7 {[%clk 0:04:35]} 38. Rxe6 {[%clk 0:02:34]}
Rce8 {[%clk 0:04:48]} 39. Rxf6 {[%clk 0:02:33]} Ne4 {[%clk 0:01:20]} 40. Rxg6+
{[%clk 0:02:32]} Kf7 {[%clk 0:01:49]} 41. Rxh6 {[%clk 0:29:54]} Re6 {[%clk
0:32:21]} 42. Qxb7+ {[%clk 0:27:54]} R8e7 {[%clk 0:32:42]} 43. Rh7+ {[%clk
0:28:06]} Kf6 {[%clk 0:33:01]} 44. Rxe7 {[%clk 0:28:22]} Rxe7 {[%clk 0:33:28]}
45. Qxa6+ {[%clk 0:28:22]} 1-0

[Event "8th Vellmar Chess Days"]
[Site "chess24.com"]
[Date "2016.07.29"]
[Round "2"]
[White "Reichenbaecher, Thomas"]
[Black "Jensen, Jacob Bjerre"]
[Result "0-1"]
[Board "8"]
[WhiteElo "1975"]
[WhiteCountry "GER"]
[WhiteFideId "4643402"]
[WhiteEloChange "-5"]
[BlackElo "2172"]
[BlackCountry "DEN"]
[BlackFideId "1401513"]
[BlackEloChange "5"]

1. c4 {[%clk 1:30:58]} f5 {[%clk 1:30:41]} 2. g3 {[%clk 1:30:52]} Nf6 {[%clk
1:31:07]} 3. Bg2 {[%clk 1:31:17]} d6 {[%clk 1:31:11]} 4. d4 {[%clk 1:31:30]} e6
{[%clk 1:31:26]} 5. Nf3 {[%clk 1:27:53]} Be7 {[%clk 1:31:47]} 6. Nc3 {[%clk
1:27:27]} O-O {[%clk 1:30:51]} 7. O-O {[%clk 1:25:57]} Qe8 {[%clk 1:31:13]} 8.
Ng5 {[%clk 1:21:15]} Qh5 {[%clk 1:11:23]} 9. Nh3 {[%clk 1:13:42]} e5 {[%clk
1:07:03]} 10. dxe5 {[%clk 1:11:31]} dxe5 {[%clk 1:07:27]} 11. Nd5 {[%clk
1:11:56]} Bd8 {[%clk 1:07:41]} 12. e3 {[%clk 0:55:59]} Qg6 {[%clk 0:56:14]} 13.
f3 {[%clk 0:48:57]} c6 {[%clk 0:49:52]} 14. Nxf6+ {[%clk 0:49:04]} Qxf6 {[%clk
0:50:00]} 15. Nf2 {[%clk 0:49:01]} Bb6 {[%clk 0:48:06]} 16. Qc2 {[%clk 0:49:17]}
Qe7 {[%clk 0:37:38]} 17. a3 {[%clk 0:44:59]} Be6 {[%clk 0:34:17]} 18. b3 {[%clk
0:36:55]} Nd7 {[%clk 0:33:17]} 19. Re1 {[%clk 0:34:39]} h5 {[%clk 0:26:52]} 20.
Bb2 {[%clk 0:30:47]} h4 {[%clk 0:20:12]} 21. b4 {[%clk 0:26:32]} hxg3 {[%clk
0:20:16]} 22. hxg3 {[%clk 0:27:00]} Qg5 {[%clk 0:19:38]} 23. c5 {[%clk 0:26:56]}
Bc7 {[%clk 0:20:03]} 24. Nh1 {[%clk 0:26:39]} Qg6 {[%clk 0:15:40]} 25. Rad1
{[%clk 0:23:32]} Nf6 {[%clk 0:15:41]} 26. f4 {[%clk 0:18:30]} e4 {[%clk 0:15:25]}
27. Bd4 {[%clk 0:11:49]} Nd5 {[%clk 0:11:46]} 28. Ra1 {[%clk 0:10:39]} Bd8 {[%clk
0:11:37]} 29. Qb2 {[%clk 0:08:44]} Bf6 {[%clk 0:11:41]} 30. Bxf6 {[%clk 0:08:16]}
Nxf6 {[%clk 0:11:51]} 31. Rad1 {[%clk 0:07:06]} Bd5 {[%clk 0:11:56]} 32. Bf1
{[%clk 0:06:40]} a6 {[%clk 0:12:02]} 33. Qg2 {[%clk 0:06:22]} Rad8 {[%clk
0:11:06]} 34. Rd4 {[%clk 0:05:27]} Bf7 {[%clk 0:08:56]} 35. Red1 {[%clk 0:05:15]}
Rxd4 {[%clk 0:09:10]} 36. Rxd4 {[%clk 0:05:34]} Nd5 {[%clk 0:09:16]} 37. Qd2
{[%clk 0:03:46]} Be6 {[%clk 0:09:19]} 38. Bc4 {[%clk 0:04:04]} Rf6 {[%clk
0:08:06]} 39. Bxd5 {[%clk 0:02:51]} Bxd5 {[%clk 0:08:33]} 40. Qh2 {[%clk
0:03:13]} Qg4 {[%clk 0:08:03]} 41. Rd2 {[%clk 0:29:45]} Rh6 {[%clk 0:34:41]} 42.
Qe2 {[%clk 0:29:02]} Qg6 {[%clk 0:33:42]} 43. Qg2 {[%clk 0:28:03]} Qf6 {[%clk
0:32:43]} 44. Rd4 {[%clk 0:28:22]} Qxd4 {[%clk 0:31:14]} 0-1

[Event "8th Vellmar Chess Days"]
[Site "chess24.com"]
[Date "2016.07.29"]
[Round "2"]
[White "Kanbach, Mike"]
[Black "Halt, David"]
[Result "0-1"]
[Board "9"]
[WhiteElo "1867"]
[WhiteCountry "GER"]
[WhiteFideId "12974536"]
[WhiteEloChange "-4"]
[BlackElo "2096"]
[BlackCountry "GER"]
[BlackFideId "24614602"]
[BlackEloChange "4"]

1. d4 {[%clk 1:30:30]} f5 {[%clk 1:30:30]} 2. Nf3 {[%clk 1:30:30]} Nf6 {[%clk
1:30:30]} 3. Bg5 {[%clk 1:30:30]} Ne4 {[%clk 1:30:30]} 4. Bf4 {[%clk 1:30:43]} d6
{[%clk 0:42:01]} 5. e3 {[%clk 1:25:28]} Nd7 {[%clk 1:23:10]} 6. Bd3 {[%clk
1:19:14]} Ndf6 {[%clk 1:20:48]} 7. c4 {[%clk 1:15:06]} c6 {[%clk 1:19:30]} 8. Nc3
{[%clk 1:13:36]} Qa5 {[%clk 1:04:37]} 9. Qc2 {[%clk 1:13:07]} g6 {[%clk 1:00:15]}
10. O-O {[%clk 1:12:04]} Nxc3 {[%clk 0:59:41]} 11. Qxc3 {[%clk 1:03:47]} Qxc3
{[%clk 0:57:53]} 12. bxc3 {[%clk 1:04:05]} Bg7 {[%clk 0:58:23]} 13. Rab1 {[%clk
0:55:24]} Nh5 {[%clk 0:57:09]} 14. Bg3 {[%clk 0:47:43]} O-O {[%clk 0:55:29]} 15.
Nd2 {[%clk 0:43:55]} e5 {[%clk 0:49:57]} 16. f3 {[%clk 0:43:45]} f4 {[%clk
0:48:00]} 17. Bf2 {[%clk 0:42:54]} fxe3 {[%clk 0:47:13]} 18. Bxe3 {[%clk
0:42:52]} exd4 {[%clk 0:42:48]} 19. cxd4 {[%clk 0:40:12]} Nf4 {[%clk 0:42:16]}
20. Rb3 {[%clk 0:37:57]} d5 {[%clk 0:40:30]} 21. cxd5 {[%clk 0:23:42]} cxd5
{[%clk 0:40:40]} 22. Rc1 {[%clk 0:23:14]} b6 {[%clk 0:39:14]} 23. Bf1 {[%clk
0:20:56]} Ne6 {[%clk 0:38:36]} 24. Kh1 {[%clk 0:14:31]} Bb7 {[%clk 0:28:20]} 25.
a4 {[%clk 0:09:32]} Nxd4 {[%clk 0:22:45]} 26. Bxd4 {[%clk 0:08:27]} Bxd4 {[%clk
0:22:51]} 27. Rd3 {[%clk 0:08:44]} Be5 {[%clk 0:21:30]} 28. Re1 {[%clk 0:07:05]}
Bf4 {[%clk 0:21:00]} 29. Rd4 {[%clk 0:06:20]} Bh6 {[%clk 0:20:37]} 30. Bb5 {[%clk
0:05:19]} Rad8 {[%clk 0:19:13]} 31. Re7 {[%clk 0:05:12]} Rf7 {[%clk 0:19:16]} 32.
Rxf7 {[%clk 0:04:33]} Kxf7 {[%clk 0:19:31]} 33. Rh4 {[%clk 0:04:37]} Kg7 {[%clk
0:19:20]} 34. Nb3 {[%clk 0:02:47]} Rc8 {[%clk 0:16:28]} 35. h3 {[%clk 0:02:33]}
a6 {[%clk 0:16:31]} 36. Bd7 {[%clk 0:02:11]} Rc4 {[%clk 0:16:19]} 37. Rg4 {[%clk
0:02:22]} Be3 {[%clk 0:15:48]} 38. Be6 {[%clk 0:01:58]} Rxg4 {[%clk 0:14:51]} 39.
hxg4 {[%clk 0:01:36]} a5 {[%clk 0:13:01]} 40. Na1 {[%clk 0:01:09]} Bc6 {[%clk
0:12:20]} 41. Nc2 {[%clk 0:28:40]} Bc5 {[%clk 0:43:27]} 42. Ne1 {[%clk 0:27:51]}
g5 {[%clk 0:41:15]} 43. Nd3 {[%clk 0:27:33]} Kf6 {[%clk 0:41:16]} 44. Bg8 {[%clk
0:26:52]} h6 {[%clk 0:41:25]} 45. Kh2 {[%clk 0:24:49]} Ke7 {[%clk 0:40:33]} 46.
g3 {[%clk 0:23:30]} d4 {[%clk 0:40:05]} 47. Bb3 {[%clk 0:07:00]} Bxf3 {[%clk
0:39:35]} 48. Ne5 {[%clk 0:05:58]} Be4 {[%clk 0:39:26]} 49. Nf7 {[%clk 0:05:36]}
d3 {[%clk 0:38:04]} 0-1

[Event "8th Vellmar Chess Days"]
[Site "chess24.com"]
[Date "2016.07.29"]
[Round "2"]
[White "Pienski, Olaf"]
[Black "Amrhein, Thorsten"]
[Result "1/2-1/2"]
[Board "10"]
[WhiteElo "2168"]
[WhiteCountry "GER"]
[WhiteFideId "4619544"]
[WhiteEloChange "-5"]
[BlackElo "1976"]
[BlackCountry "GER"]
[BlackFideId "24655384"]
[BlackEloChange "5"]

1. e4 {[%clk 1:30:18]} e5 {[%clk 1:30:47]} 2. Nf3 {[%clk 1:30:22]} Nf6 {[%clk
1:31:02]} 3. d3 {[%clk 1:30:11]} Nc6 {[%clk 1:30:38]} 4. Be2 {[%clk 1:29:57]} d5
{[%clk 1:30:07]} 5. Nbd2 {[%clk 1:28:15]} Bc5 {[%clk 1:26:58]} 6. O-O {[%clk
1:28:01]} h6 {[%clk 1:22:39]} 7. c3 {[%clk 1:25:49]} a5 {[%clk 1:18:04]} 8. b3
{[%clk 1:19:13]} O-O {[%clk 1:13:32]} 9. a3 {[%clk 1:14:43]} d4 {[%clk 1:08:31]}
10. Bb2 {[%clk 1:11:38]} dxc3 {[%clk 1:01:09]} 11. Bxc3 {[%clk 1:11:48]} Qe7
{[%clk 0:50:53]} 12. Nc4 {[%clk 1:06:22]} Nd7 {[%clk 0:47:32]} 13. Ne3 {[%clk
1:00:21]} Nf6 {[%clk 0:44:45]} 14. Nc4 {[%clk 0:54:55]} Nd7 {[%clk 0:44:03]} 15.
Qc2 {[%clk 0:51:09]} Bd4 {[%clk 0:33:13]} 16. Qb2 {[%clk 0:48:07]} Bxc3 {[%clk
0:24:18]} 17. Qxc3 {[%clk 0:48:26]} Re8 {[%clk 0:23:43]} 18. Rfc1 {[%clk
0:40:31]} Nf6 {[%clk 0:20:30]} 19. Rab1 {[%clk 0:36:52]} Bg4 {[%clk 0:18:50]} 20.
b4 {[%clk 0:31:10]} axb4 {[%clk 0:18:31]} 21. axb4 {[%clk 0:30:47]} Bxf3 {[%clk
0:19:27]} 22. Bxf3 {[%clk 0:31:01]} Nd4 {[%clk 0:18:59]} 23. Bd1 {[%clk 0:30:00]}
Nb5 {[%clk 0:16:52]} 24. Qb2 {[%clk 0:22:44]} Nd4 {[%clk 0:17:27]} 25. f4 {[%clk
0:18:39]} Ne6 {[%clk 0:08:25]} 26. fxe5 {[%clk 0:13:55]} Nh7 {[%clk 0:08:21]} 27.
Qf2 {[%clk 0:12:43]} Red8 {[%clk 0:07:52]} 28. Qe3 {[%clk 0:11:14]} Nd4 {[%clk
0:08:30]} 29. Na5 {[%clk 0:07:34]} b6 {[%clk 0:02:21]} 30. Nc6 {[%clk 0:06:21]}
Nxc6 {[%clk 0:02:50]} 31. Rxc6 {[%clk 0:06:47]} Qxe5 {[%clk 0:03:06]} 32. Bb3
{[%clk 0:06:11]} Nf6 {[%clk 0:02:59]} 33. Rf1 {[%clk 0:03:38]} Ra1 {[%clk
0:02:40]} 34. Rxa1 {[%clk 0:03:06]} Qxa1+ {[%clk 0:02:40]} 35. Rc1 {[%clk
0:03:07]} Qa3 {[%clk 0:01:57]} 36. Rb1 {[%clk 0:01:27]} Kf8 {[%clk 0:03:40]} 37.
Qf3 {[%clk 0:01:20]} Qxb4 {[%clk 0:02:43]} 38. Kh1 {[%clk 0:01:16]} Qd4 {[%clk
0:02:28]} 39. Bc4 {[%clk 0:01:28]} c6 {[%clk 0:02:53]} 40. e5 {[%clk 0:00:43]}
Qxe5 {[%clk 0:02:00]} 41. Qxc6 {[%clk 0:27:54]} Nd5 {[%clk 0:28:00]} 42. h3
{[%clk 0:23:05]} Qd6 {[%clk 0:24:45]} 1/2-1/2

[Event "8th Vellmar Chess Days"]
[Site "chess24.com"]
[Date "2016.07.29"]
[Round "2"]
[White "Schirra, Maurice"]
[Black "Heimsoth, Sven-Holger"]
[Result "0-1"]
[Board "11"]
[WhiteElo "1947"]
[WhiteCountry "GER"]
[WhiteFideId "12941115"]
[WhiteEloChange "-5"]
[BlackElo "2157"]
[BlackCountry "GER"]
[BlackFideId "4651243"]
[BlackEloChange "5"]

1. e4 {[%clk 1:20:16]} e6 {[%clk 1:30:51]} 2. Nc3 {[%clk 1:20:03]} d5 {[%clk
1:31:03]} 3. Nf3 {[%clk 1:20:11]} Nf6 {[%clk 1:31:24]} 4. e5 {[%clk 1:20:37]}
Nfd7 {[%clk 1:31:47]} 5. d4 {[%clk 1:21:00]} c5 {[%clk 1:32:10]} 6. dxc5 {[%clk
1:21:24]} Nc6 {[%clk 1:32:34]} 7. Bf4 {[%clk 1:21:43]} Bxc5 {[%clk 1:32:47]} 8.
Bd3 {[%clk 1:22:01]} f6 {[%clk 1:33:09]} 9. exf6 {[%clk 1:22:21]} Nxf6 {[%clk
1:33:32]} 10. Qe2 {[%clk 1:22:43]} O-O {[%clk 1:33:35]} 11. O-O-O {[%clk
1:23:05]} Bd6 {[%clk 1:25:31]} 12. Bxd6 {[%clk 1:11:50]} Qxd6 {[%clk 1:25:47]}
13. Nb5 {[%clk 1:08:45]} Qf4+ {[%clk 1:13:12]} 14. Qd2 {[%clk 1:05:45]} Nh5
{[%clk 1:04:18]} 15. Rhe1 {[%clk 1:01:23]} Bd7 {[%clk 1:01:57]} 16. Ng5 {[%clk
0:54:22]} Nb4 {[%clk 0:51:34]} 17. Bxh7+ {[%clk 0:35:11]} Kh8 {[%clk 0:51:34]}
18. Nd4 {[%clk 0:33:24]} Rac8 {[%clk 0:43:00]} 19. a3 {[%clk 0:29:11]} Nc6 {[%clk
0:41:45]} 20. Ndxe6 {[%clk 0:18:08]} Bxe6 {[%clk 0:41:50]} 21. Nxe6 {[%clk
0:15:10]} Qxd2+ {[%clk 0:42:12]} 22. Rxd2 {[%clk 0:15:37]} Kxh7 {[%clk 0:42:32]}
23. Nxf8+ {[%clk 0:16:00]} Rxf8 {[%clk 0:42:57]} 24. Rxd5 {[%clk 0:16:06]} Nf4
{[%clk 0:42:12]} 25. Rg5 {[%clk 0:14:17]} Nd4 {[%clk 0:38:19]} 26. f3 {[%clk
0:09:08]} Rc8 {[%clk 0:36:25]} 27. Re7 {[%clk 0:06:49]} Rxc2+ {[%clk 0:36:32]}
28. Kb1 {[%clk 0:07:12]} Nd3 {[%clk 0:36:19]} 29. Rgxg7+ {[%clk 0:07:00]} Kh6
{[%clk 0:35:56]} 30. Rxb7 {[%clk 0:06:41]} Rc1+ {[%clk 0:36:01]} 31. Ka2 {[%clk
0:07:10]} Re1 {[%clk 0:30:16]} 32. Rgd7 {[%clk 0:04:14]} Nc1+ {[%clk 0:30:23]}
0-1